000 00502nam a2200193Ia 4500
008 140306s9999 xx 000 0 und d
020 _a439470161
050 _aPZ 7
_b.M478818Jac 2003
100 _aMcPhail, David
245 _aJack and Rick /
_cDavid McPhail
260 _aUSA :
_bScholastic Inc,
_cc2003.
300 _a20 p. :
_bcol. Ill. ;
_c18 cm.
521 _aG1
526 _cBR
650 _aCooperativeness
_xFiction.
650 _aFriendship
_xFiction.
942 _cBK
999 _c42872
_d42872